analyser les états financiers - Statistiques

Statistiques générales
  • Ce quiz a été pris 21 fois
  • Le résultat moyen est 5 sur 27
Statistiques - réponses
ceci se compose de... % Correct
- production immobilisée
45%
Production de l'exercice production vendue
45%
- - charges financières (y.c. dotations)
36%
- production stockée
36%
Resultat Net comptable RCAI (Resultat Courant Avant Impôt)
36%
- - impôt sur le bénéfice
27%
EBE Valeur ajoutée
27%
Marge commercial vente de marchandise
27%
- - (achats de marchandises + (variation de stocks de marchandises))
18%
- - (achats de MP + (variation de stocks de MP))
18%
- - autres charges d'exploitation
18%
- + autres produits d'exploitation
18%
Resultat d'Exploitation EBE
18%
- + produits financier (y.c. reprises)
18%
RCAI (Resultat CourantAvant Impôt) Résultat d'exploitation
18%
- - autres achats et charges externes(conso en provenance des tiers)
9%
- - Charges de personnel (rémunérations et sociales)
9%
- - charges exceptionnelles
9%
- - DDAP d'exploitation
9%
- - impôts, taxes et versements assimilés (I,T,VA)
9%
Valeur ajoutée Marge brute + marge commerciale
9%
- - participation des salariés
9%
Marge brute Production de l'exercice
9%
- + produits exceptionnels
9%
- + RADP d'exploitation
9%
- + subvention d'exploitation
9%
- + transfert de charge d'exploitation
9%
Aucun quiz correspondant
Distribution des résultats
% des personnes avec chaque résultat
Percentile par nombre de réponses
Votre historique - résultats
Vous n’avez pas pris ce quiz